000 00945nam a2200205 i 4500
001 bg
245 0 _aPróchnica-rolnicze i ekologiczne znaczenie /
_c[kom. red. Sławomir S. Gonet (przewodniczący)].
260 _aWarszawa :
_bKomitet Gleboznawstwa i Chemii Rolnej PAN,
_c1993.
300 _a324 s. :
_brys., wykr. ;
_c24 cm.
490 1 _aZeszyty Problemowe Postępów Nauk Rolniczych / Polska Akademia Nauk. Wydział Nauk Rolniczych i Leśnych,
_x0084-5477 ;
_vz. 411
700 1 _aGONET, Sławomir S.
_eRed.
710 _aPOLSKA AKADEMIA NAUK. Wydział Nauk Rolniczych i Leśnych
830 0 _aZeszyty Problemowe Postępów Nauk Rolniczych (Polska Akademia Nauk. Wydział Nauk Rolniczych i Leśnych) ;
_vz. 411
040 _cBPK
041 _apol
080 _a631.4
942 _cKS
008 s pl f |000 0 pol
856 _uhttp://koha.tu.koszalin.pl/cgi-bin/koha/opac-detail.pl?biblionumber=29954
_yKatalog online BPK
999 _c29954
_d29954